000 01813pab a2200181 454500
008 180718b2017 xxu||||| |||| 00| 0 eng d
100 _aGong, Ting
245 _aSocially embedded anti-corruption governance: evidence from Hong Kong
260 _c2017
300 _ap.176-190.
362 _aAug
520 _aIn this study, we seek to identify and explain what factors influence citizens' propensity to confront corruption by reporting suspected corruption cases. From a macro-micro interactive perspective, which we term 'socially embedded anti-corruption governance', we make two propositions focusing on intrinsic and extrinsic factors, respectively. We believe, first, that citizens' response to suspected corrupt behaviour is a good indicator of the level of their tolerance for corruption. If corruption is unacceptable to citizens, they would be more likely to report suspected corruption cases. However, a low level of tolerance of corruption alone does not necessarily explain why people report corruption. We further argue that people's willingness to confront corruption is also affected by the extent to which they are satisfied with and have confidence in the government's anti-corruption endeavours. Drawing on data collected from an original survey of 1025 local residents in Hong Kong, we test the two hypotheses. Our findings confirm that the propensity to report suspected corruption results from both a low level of tolerance towards corruption and the positive perception of the quality of anti-corruption governance. The implications of our findings for other regions, especially Mainland China, are explored. - Reproduced.
650 _aCorruption - Hong Kong
650 _aCorruption
700 _aXiao, Hanyu
773 _aPublic Administration and Development
909 _a115747
999 _c115741
_d115741